[Event "TATA 14th IBCA Olympiad"]
[Site "Chennai IND"]
[Date "2012.08.17"]
[Round "7.1"]
[White "Desanjose Candalija, Eduardo"]
[Black "Grigorchuk, Sergey"]
[Result "1/2-1/2"]
[WhiteTitle "FM"]
[WhiteElo "2238"]
[BlackElo "2302"]
[WhiteTeam "Spain"]
[BlackTeam "Ukraine"]
[WhiteFideId "2256827"]
[BlackFideId "14114879"]
[EventDate "2012.08.10"]
[EventType "team"]

1. c4 c5 2. g3 g6 3. Bg2 Bg7 4. Nc3 Nc6 5. Nf3 e6 6. d3 Nge7 7. Bg5 f6 8. Bd2 d6
9. Rb1 O-O 10. a3 a5 11. O-O e5 12. Ne1 Be6 13. Nd5 Rb8 14. b4 cxb4 15. axb4
axb4 16. Nc2 b5 17. Ncxb4 Nxb4 18. Rxb4 Nxd5 19. Bxd5 Bxd5 20. cxd5 Qd7 21. Qb3
Rb7 22. Rc1 Rfb8 23. Rc6 Bf8 24. Kg2 Be7 25. Qa3 Ra7 26. Qb2 Qb7 27. Be3 Ra6 28.
Rxb5 1/2-1/2

[Event "TATA 14th IBCA Olympiad"]
[Site "Chennai IND"]
[Date "2012.08.17"]
[Round "7.3"]
[White "Enjuto Velasco, Roberto"]
[Black "Konev, Victor"]
[Result "1-0"]
[WhiteElo "2132"]
[BlackElo "2128"]
[WhiteTeam "Spain"]
[BlackTeam "Ukraine"]
[WhiteFideId "2207320"]
[BlackFideId "14111764"]
[EventDate "2012.08.10"]
[EventType "team"]

1. e4 c5 2. Nf3 e6 3. d4 cxd4 4. Nxd4 a6 5. Nc3 Qc7 6. Bd3 Nc6 7. Be3 Nf6 8. O-O
Bd6 9. f4 Nxd4 10. e5 Bxe5 11. fxe5 Qxe5 12. Qd2 Nd5 13. Nxd5 Qxd5 14. Qf2 Nf5
15. Bxf5 Qxf5 16. Qg3 Qe4 17. Bc5 Qc6 18. Bd6 Rg8 19. Rxf7 Kxf7 20. Rf1+ Ke8 21.
Qxg7 Qxd6 22. Qxg8+ Ke7 23. Qf8# 1-0

[Event "TATA 14th IBCA Olympiad"]
[Site "Chennai IND"]
[Date "2012.08.17"]
[Round "7.1"]
[White "Crouch, Colin S"]
[Black "Mueller, Oliver"]
[Result "1/2-1/2"]
[WhiteTitle "IM"]
[BlackTitle "FM"]
[WhiteElo "2373"]
[BlackElo "2265"]
[WhiteTeam "UK"]
[BlackTeam "Germany"]
[WhiteFideId "400947"]
[BlackFideId "4633385"]
[EventDate "2012.08.10"]
[EventType "team"]

1. d4 Nf6 2. c4 e6 3. Nf3 Bb4+ 4. Nbd2 b6 5. e3 Bb7 6. Be2 O-O 7. O-O d5 8. Qc2
Nbd7 9. b3 Be7 10. Bb2 Rc8 11. Rad1 c5 12. Qb1 Qc7 13. cxd5 Nxd5 14. Ne4 N5f6
15. Nxf6+ Nxf6 16. dxc5 Qxc5 17. Rc1 Qh5 18. Rxc8 Rxc8 19. Rc1 Rxc1+ 1/2-1/2

[Event "TATA 14th IBCA Olympiad"]
[Site "Chennai IND"]
[Date "2012.08.17"]
[Round "7.2"]
[White "Schellmann, Frank"]
[Black "Ross, Chris N"]
[Result "1/2-1/2"]
[WhiteTitle "CM"]
[WhiteElo "2110"]
[BlackElo "2231"]
[WhiteTeam "Germany"]
[BlackTeam "UK"]
[WhiteFideId "4669916"]
[BlackFideId "410411"]
[EventDate "2012.08.10"]
[EventType "team"]

1. e4 c5 2. c3 d5 3. exd5 Qxd5 4. d4 g6 5. Nf3 Bg7 6. Na3 cxd4 7. Bc4 Qe4+ 8.
Be3 Nh6 9. cxd4 O-O 10. Nb5 Na6 11. Nc3 Qc6 12. Qb3 Nf5 13. O-O Nd6 14. Bd5 Qe8
15. Rfe1 Nc7 16. Bf4 Qd8 17. Bg5 Re8 18. Rac1 Bg4 19. Ne5 Be6 20. Bxe6 Nxe6 21.
Nxf7 Nxf7 22. Qxe6 Qxd4 23. Nd5 Rad8 24. Nxe7+ Kf8 25. Nxg6+ hxg6 26. Qxg6 Rxe1+
27. Rxe1 Qe5 28. Be3 Qxb2 29. h4 b6 30. h5 Qb4 1/2-1/2

[Event "TATA 14th IBCA Olympiad"]
[Site "Chennai IND"]
[Date "2012.08.17"]
[Round "7.1"]
[White "Dimic, Pavle"]
[Black "Mlacnik, Franc"]
[Result "1/2-1/2"]
[WhiteTitle "FM"]
[WhiteElo "2155"]
[BlackElo "2124"]
[WhiteTeam "Serbia"]
[BlackTeam "Slovenia"]
[WhiteFideId "937428"]
[BlackFideId "14601923"]
[EventDate "2012.08.10"]
[EventType "team"]

1. d4 e6 2. c4 Nf6 3. Nf3 d5 4. Nc3 Nbd7 5. e3 Bb4 6. Bd3 dxc4 7. Bxc4 c5 8. O-O
O-O 9. Qe2 Nb6 10. Bb3 Bd7 11. dxc5 Bxc5 12. e4 Bc6 13. Bg5 Qb8 14. Rfd1 Nbd7
15. Rac1 Ng4 16. Bh4 Bd6 17. Bg3 Bf4 18. Nd4 Bxg3 19. hxg3 Ndf6 20. Nxc6 bxc6
21. Na4 Qe5 22. f3 Qh5 23. fxg4 Nxg4 24. Qf3 f5 25. Bxe6+ Kh8 26. Bxf5 Rxf5 27.
exf5 Re8 28. Qxg4 Qxg4 29. Re1 Rxe1+ 30. Rxe1 h5 31. Nc3 Qxg3 32. Rf1 h4 33. Rf3
Qe5 34. a3 Kg8 35. Kf1 a5 36. a4 Qd4 37. b3 Qd2 38. Ne2 Qd1+ 39. Kf2 Qd5 40. Kf1
Qd1+ 41. Kf2 Qc2 42. Kf1 c5 43. f6 gxf6 44. Rc3 Qb1+ 45. Kf2 Qf5+ 46. Rf3 Qd5
47. Rc3 Kg7 48. Kf1 Kh6 49. Kf2 Kg5 50. Kf1 f5 51. Kf2 Qd1 52. Rxc5 Qxb3 53.
Rxf5+ Kg6 54. Rf4 Qb6+ 55. Kf3 Qb7+ 56. Kf2 Qb6+ 1/2-1/2

[Event "TATA 14th IBCA Olympiad"]
[Site "Chennai IND"]
[Date "2012.08.17"]
[Round "7.2"]
[White "Muri, Emil"]
[Black "Jandric, Damjan"]
[Result "1-0"]
[BlackTitle "CM"]
[WhiteElo "2018"]
[BlackElo "2055"]
[WhiteTeam "Slovenia"]
[BlackTeam "Serbia"]
[WhiteFideId "14601354"]
[BlackFideId "921475"]
[EventDate "2012.08.10"]
[EventType "team"]

1. Nf3 Nf6 2. g3 g6 3. Bg2 Bg7 4. d3 O-O 5. O-O d6 6. e4 c5 7. Nbd2 Nc6 8. c3 e5
9. Re1 Re8 10. Nf1 d5 11. Qc2 Rb8 12. Nh4 Be6 13. f4 dxe4 14. dxe4 exf4 15. Bxf4
Rc8 16. Ne3 Nh5 17. Nd5 g5 18. Bc7 Rxc7 19. Nxc7 Qxc7 20. Nf5 Bxf5 21. exf5
Rxe1+ 22. Rxe1 Ne5 23. Qe2 g4 24. Qe4 Bf6 25. Qxb7 Qxb7 26. Bxb7 Kf8 27. Be4 Ng7
28. Kg2 Nc4 29. Re2 Nd6 30. Bc2 Ngxf5 31. Kg1 Kg7 32. Bxf5 Nxf5 33. Re8 Bg5 34.
Ra8 c4 35. Kh1 Be3 36. Rc8 Bc1 37. Rxc4 Bxb2 38. Rxg4+ Kf6 39. Ra4 Bxc3 40. Rxa7
h5 41. a4 h4 42. gxh4 Nxh4 43. a5 Nf5 44. a6 Nd6 45. Rxf7+ 1-0

[Event "TATA 14th IBCA Olympiad"]
[Site "Chennai IND"]
[Date "2012.08.17"]
[Round "7.3"]
[White "Avram, Sretko"]
[Black "Znuderl, Matej"]
[Result "1/2-1/2"]
[WhiteTitle "FM"]
[WhiteElo "2217"]
[BlackElo "1986"]
[WhiteTeam "Serbia"]
[BlackTeam "Slovenia"]
[WhiteFideId "925314"]
[BlackFideId "14604337"]
[EventDate "2012.08.10"]
[EventType "team"]

1. Nf3 Nf6 2. c4 c5 3. g3 g6 4. Bg2 Bg7 5. O-O O-O 6. Nc3 Nc6 7. d4 cxd4 8. Nxd4
Nxd4 9. Qxd4 d6 10. Qd2 Qa5 11. Nd5 Qxd2 12. Nxe7+ Kh8 13. Bxd2 Re8 14. Nxc8
Raxc8 15. Bxb7 Rxc4 16. Bc3 Ne4 17. Ba6 Rxc3 18. bxc3 Nxc3 19. e3 d5 20. a4 Re6
21. Bd3 a5 22. Kg2 d4 23. exd4 Bxd4 24. Rae1 Nxa4 25. Bc4 Rf6 26. Re4 Bc3 27.
Bxf7 Rxf7 28. Rxa4 Kg7 29. Rc1 Bb4 30. Rc6 g5 31. h3 h5 32. Ra2 Rf6 33. Rc7+ Kg6
34. Ra7 g4 35. hxg4 hxg4 36. Rc2 Kf5 37. Rc4 Rg6 38. Rh7 Rg8 39. Rf4+ Ke6 40.
Rh4 Kd5 41. Rh5+ Kc6 42. Rf6+ Kb7 43. Rh7+ Ka8 44. Kf1 Bc3 45. Rc6 Bb4 46. Rf7
Kb8 47. Rb6+ Ka8 48. Ke2 Rg5 49. Kd3 Rg8 50. Kc4 Rg5 51. Rb5 Rg8 52. Rb6 Rg5 53.
Kd3 Rg8 54. Ke4 Rg5 55. Kd3 Rg8 1/2-1/2

[Event "TATA 14th IBCA Olympiad"]
[Site "Chennai IND"]
[Date "2012.08.17"]
[Round "7.4"]
[White "Cizman, Gregor"]
[Black "Avram, Veso"]
[Result "0-1"]
[WhiteElo "1784"]
[BlackElo "2127"]
[WhiteTeam "Slovenia"]
[BlackTeam "Serbia"]
[WhiteFideId "14605660"]
[BlackFideId "925330"]
[EventDate "2012.08.10"]
[EventType "team"]

1. d4 Nf6 2. Nf3 e6 3. Bf4 b6 4. c3 Bb7 5. Nbd2 Be7 6. e3 O-O 7. Be2 d6 8. O-O
Nh5 9. Bg3 Nxg3 10. hxg3 Nd7 11. Bd3 c5 12. Be4 Bxe4 13. Nxe4 d5 14. Ned2 Rc8
15. Qe2 cxd4 16. exd4 Bd6 17. Rfe1 Qc7 18. Qd3 h6 19. Qe2 Qb7 20. Nh4 Rfe8 21.
f4 Nf6 22. Nhf3 b5 23. a3 a5 24. Rec1 Rc7 25. Ne5 h5 26. Qd3 Bxe5 27. dxe5 Ng4
28. Nb3 Rec8 29. Nd4 b4 30. axb4 axb4 31. Qd2 Qb6 32. Kf1 g6 33. Ke2 Rc4 34. Kf1
Kh7 35. Ke1 bxc3 36. bxc3 Qc5 37. Ra2 Rxd4 0-1

[Event "TATA 14th IBCA Olympiad"]
[Site "Chennai IND"]
[Date "2012.08.17"]
[Round "7.1"]
[White "Magnusson, Jorgen"]
[Black "Pulvett, Daniel"]
[Result "0-1"]
[WhiteTitle "FM"]
[BlackTitle "IM"]
[WhiteElo "2273"]
[BlackElo "2383"]
[WhiteTeam "Sweden"]
[BlackTeam "Venezuela"]
[WhiteFideId "1700880"]
[BlackFideId "3900410"]
[EventDate "2012.08.10"]
[EventType "team"]

1. g3 g6 2. Bg2 d5 3. f4 c6 4. Nf3 Qb6 5. Nc3 Bg7 6. a4 d4 7. a5 Qc7 8. Ne4 Nf6
9. Nf2 Nd5 10. O-O O-O 11. c3 c5 12. cxd4 cxd4 13. Qb3 e6 14. e4 dxe3 15. dxe3
Nc6 16. e4 Nde7 17. Qa3 b6 18. axb6 Qxb6 19. e5 Nd5 20. Kh1 Ncb4 21. Qa5 Ba6 22.
Qxb6 axb6 23. Rd1 Nc2 24. Ra4 Nce3 25. Bxe3 Nxe3 26. Rda1 Bb7 27. Rxa8 Bxa8 28.
Ne1 Nxg2 29. Nxg2 Rd8 30. Kg1 Bf8 31. Ng4 Bc5+ 32. Kf1 Bf3 33. Nf6+ Kg7 34. Ne1
Bc6 35. Ke2 Bb5+ 36. Kf3 Rd2 37. Ra8 0-1

[Event "TATA 14th IBCA Olympiad"]
[Site "Chennai IND"]
[Date "2012.08.17"]
[Round "7.2"]
[White "Otero, Harlen"]
[Black "Berggren, Patrik"]
[Result "1/2-1/2"]
[WhiteElo "2038"]
[BlackElo "1935"]
[WhiteTeam "Venezuela"]
[BlackTeam "Sweden"]
[WhiteFideId "3902005"]
[BlackFideId "1709917"]
[EventDate "2012.08.10"]
[EventType "team"]

1. g3 g6 2. c4 c5 3. Nc3 Nc6 4. Bg2 Bg7 5. e3 e6 6. Nge2 Nge7 7. O-O O-O 8. d4
cxd4 9. Nxd4 Nxd4 10. exd4 d5 11. cxd5 Nxd5 12. Nxd5 exd5 13. Be3 Be6 14. Qb3
Qd7 15. Rfc1 Rfc8 16. a4 a5 17. Qb6 Rc6 18. Rxc6 Qxc6 19. Qb3 Rc8 20. h4 b6 21.
Rc1 Qxc1+ 22. Bxc1 Rxc1+ 23. Kh2 Bxd4 24. Bxd5 Bxd5 25. Qxd5 Bxf2 26. h5 Rc5 27.
Qd8+ Kg7 28. h6+ Kxh6 29. Qd2+ Kg7 30. Qxf2 Rc6 31. Qd4+ Kg8 32. Kh3 h6 33. Kg4
Re6 34. Kf4 Kh7 35. Qd7 Kg8 36. g4 Kg7 37. Qd8 g5+ 38. Kf5 Rg6 39. Qd4+ Kg8 40.
Ke5 Re6+ 41. Kd5 Rg6 42. Kc4 Re6 43. Kb5 Kh7 44. Qd8 Kg7 45. Ka6 Rg6 46. Kb7 Re6
47. Kc7 Rg6 48. Qd2 Re6 49. Qc3+ Kg8 50. b4 axb4 51. Qxb4 Kg7 52. Qb2+ Kh7 53.
Kd7 Kg8 54. Qb1 Kg7 55. Kc7 Rg6 56. Qb2+ Kh7 57. Kd8 Re6 58. Qd4 Kg8 59. Qd5 Kg7
60. Kc7 Kh7 61. Qd4 Rg6 62. Qf2 Kg7 63. Kb7 Re6 64. Qb2+ Kh7 1/2-1/2

[Event "TATA 14th IBCA Olympiad"]
[Site "Chennai IND"]
[Date "2012.08.17"]
[Round "7.1"]
[White "Dukaczewski, Piotr"]
[Black "Torres, Saulo De Jesus"]
[Result "1-0"]
[WhiteTitle "IM"]
[WhiteElo "2228"]
[BlackElo "1914"]
[WhiteTeam "Poland"]
[BlackTeam "Columbia"]
[WhiteFideId "1103520"]
[BlackFideId "4403622"]
[EventDate "2012.08.10"]
[EventType "team"]

1. e4 c5 2. Nf3 Nc6 3. Bb5 Nd4 4. Nxd4 cxd4 5. c3 Qb6 6. Qe2 g6 7. cxd4 Bg7 8.
Nc3 Bxd4 9. Nd5 Qd8 10. Qc4 Bb6 11. b4 Nf6 12. Bb2 O-O 13. O-O Nxd5 14. Qxd5 d6
15. Kh1 Rb8 16. f4 Be6 17. Qg5 f6 18. Qh6 Bf7 19. Rf3 Qc7 20. Rh3 Rfc8 21. Qxh7+
Kf8 22. Qh6+ 1-0

[Event "TATA 14th IBCA Olympiad"]
[Site "Chennai IND"]
[Date "2012.08.17"]
[Round "7.2"]
[White "Rico Hernandez, Edgar"]
[Black "Stachanczyk, Jacek"]
[Result "1/2-1/2"]
[WhiteElo "1884"]
[BlackElo "2256"]
[WhiteTeam "Columbia"]
[BlackTeam "Poland"]
[WhiteFideId "4427823"]
[BlackFideId "1116657"]
[EventDate "2012.08.10"]
[EventType "team"]

1. d4 d5 2. c4 c6 3. Nf3 Nf6 4. Nc3 dxc4 5. e3 b5 6. a4 b4 7. Nb1 e6 8. Bxc4
Nbd7 9. O-O Be7 10. Nbd2 O-O 11. Bd3 c5 12. b3 cxd4 13. exd4 Bb7 14. Bb2 Qa5 15.
Re1 Rfd8 16. Nc4 Qd5 17. Ne3 Qd6 18. Rc1 Qf4 19. Be2 Ng4 20. Nxg4 Qxg4 21. h3
Qf5 22. Rc2 Bd6 23. Nh4 Qf4 24. g3 Qg5 25. Bc1 Qe7 26. Bf3 Nb6 27. Nf5 Qd7 28.
Bxb7 Qxb7 29. Nxd6 Rxd6 30. Bf4 Rd7 31. Qd2 Nd5 32. Rc4 Rad8 33. Be3 Nc3 34. Qd3
h6 35. Bd2 Nd5 36. Rec1 e5 37. Qe4 Qb6 38. Qxe5 Re7 39. Qh5 Nf6 40. Qf3 a5 41.
Be3 Nd5 42. Rc6 Qb8 43. Bxh6 gxh6 44. Qg4+ Kh7 45. Qf5+ Kg7 46. Qg4+ Kh7 47.
Qf5+ Kg7 1/2-1/2

[Event "TATA 14th IBCA Olympiad"]
[Site "Chennai IND"]
[Date "2012.08.17"]
[Round "7.3"]
[White "Gunajew, Rafal"]
[Black "Daza, Fernando"]
[Result "1-0"]
[WhiteTitle "FM"]
[WhiteElo "2260"]
[BlackElo "1871"]
[WhiteTeam "Poland"]
[BlackTeam "Columbia"]
[WhiteFideId "1116037"]
[BlackFideId "4413610"]
[EventDate "2012.08.10"]
[EventType "team"]

1. e4 e5 2. Nf3 Nf6 3. Nxe5 d6 4. Nf3 Nxe4 5. c4 Be7 6. d4 O-O 7. Bd3 f5 8. Nc3
Ng5 9. O-O Nc6 10. Re1 Bf6 11. Bxg5 Bxg5 12. d5 Nb4 13. a3 Nxd3 14. Qxd3 Qf6 15.
Nb5 Bd7 16. Nxc7 Rac8 17. Ne6 Bxe6 18. Rxe6 Qd8 19. Nxg5 Qxg5 20. Rae1 Qf4 21.
b3 Rc7 22. g3 Qg5 23. Rxd6 f4 24. Rde6 Rcf7 25. Re8 fxg3 26. Rxf8+ Rxf8 27. hxg3
h5 28. Qe3 Qd8 29. Qe6+ Kh7 30. Re5 1-0

[Event "TATA 14th IBCA Olympiad"]
[Site "Chennai IND"]
[Date "2012.08.17"]
[Round "7.4"]
[White "Jaimes, Fredy Alexander"]
[Black "Mackowiak, Marek"]
[Result "0-1"]
[WhiteElo "1717"]
[BlackElo "2165"]
[WhiteTeam "Columbia"]
[BlackTeam "Poland"]
[WhiteFideId "4418514"]
[BlackFideId "1103326"]
[EventDate "2012.08.10"]
[EventType "team"]

1. e4 g6 2. d4 Bg7 3. Nc3 d6 4. f4 a6 5. Nf3 b5 6. Bd3 Bb7 7. Qe2 Nd7 8. Be3 e6
9. O-O-O Ne7 10. f5 e5 11. dxe5 Nxe5 12. Nxe5 Bxe5 13. Qd2 Qd7 14. Bf4 Bxf4 15.
Qxf4 O-O-O 16. f6 Nc6 17. Nd5 Ne5 18. a4 bxa4 19. Qf1 Bxd5 20. exd5 Nxd3+ 21.
Qxd3 Kb7 22. Rhe1 Rhe8 23. Qd4 Rxe1 24. Rxe1 Re8 25. Re4 Rxe4 26. Qxe4 Qf5 27.
Qxf5 gxf5 28. Kd2 Kb6 29. c4 Kc5 30. Kc3 f4 31. h3 h6 32. h4 h5 33. Kd3 Kb4 34.
Ke4 Kb3 35. Kxf4 Kxb2 36. g4 a3 37. gxh5 a2 38. h6 a1=Q 39. h7 Qc1+ 0-1

[Event "TATA 14th IBCA Olympiad"]
[Site "Chennai IND"]
[Date "2012.08.17"]
[Round "7.2"]
[White "Bibikov, Yuriy"]
[Black "Marendic, Vlatko"]
[Result "1/2-1/2"]
[WhiteElo "2038"]
[BlackElo "2073"]
[WhiteTeam "Kazakhstan"]
[BlackTeam "Croatia"]
[WhiteFideId "13705814"]
[BlackFideId "14503336"]
[EventDate "2012.08.10"]
[EventType "team"]

1. c4 c5 2. Nc3 b6 3. Nf3 e6 4. e3 Be7 5. Be2 Nf6 6. O-O O-O 7. b3 Bb7 8. Bb2 d5
9. cxd5 Nxd5 10. d4 Nd7 11. Rc1 Rc8 12. Bd3 Nxc3 13. Bxc3 Nf6 14. Qe2 Ne4 15.
Bb2 Qd5 16. Ba6 Bxa6 17. Qxa6 Rc7 18. Rfd1 Qa8 19. b4 Rfc8 20. dxc5 bxc5 21.
bxc5 Rxc5 22. Rxc5 Nxc5 23. Qe2 Qb7 24. h3 1/2-1/2

[Event "TATA 14th IBCA Olympiad"]
[Site "Chennai IND"]
[Date "2012.08.17"]
[Round "7.2"]
[White "Mousavi, Emadeddin"]
[Black "Pirosca, Alexandru"]
[Result "1-0"]
[WhiteElo "1877"]
[BlackElo "2015"]
[WhiteTeam "Iran"]
[BlackTeam "Romania"]
[WhiteFideId "12522031"]
[BlackFideId "1211110"]
[EventDate "2012.08.10"]
[EventType "team"]

1. e4 c5 2. Nf3 Nc6 3. d4 cxd4 4. Nxd4 Nf6 5. Nc3 e5 6. Ndb5 d6 7. Nd5 Nxd5 8.
exd5 Nb8 9. c4 Be7 10. Bd3 a6 11. Nc3 O-O 12. O-O f5 13. Qb3 Nd7 14. Na4 Kh8 15.
Be3 e4 16. Bc2 Bf6 17. Rad1 Be5 18. f4 exf3 19. Rxf3 g6 20. c5 dxc5 21. Nxc5
Nxc5 22. Bxc5 Re8 23. Re3 Bf6 24. Rxe8+ Qxe8 25. Qb6 Qd8 26. Qxd8+ Bxd8 27. Bd4+
Kg8 28. Bb3 Bd7 29. d6+ Kf8 30. Rd3 Rc8 31. Kf2 Rc6 32. Be5 b5 33. Rc3 Rxc3 34.
bxc3 Bg5 35. Bd5 a5 36. Ke2 h5 37. Kd3 Ke8 38. Kd4 Bd8 39. Kd3 Bb6 40. c4 1-0

[Event "TATA 14th IBCA Olympiad"]
[Site "Chennai IND"]
[Date "2012.08.17"]
[Round "7.3"]
[White "Nistor, Mihai"]
[Black "Safaei, Maliheh"]
[Result "1-0"]
[WhiteElo "1925"]
[BlackElo "1756"]
[WhiteTeam "Romania"]
[BlackTeam "Iran"]
[WhiteFideId "1215701"]
[BlackFideId "12501832"]
[EventDate "2012.08.10"]
[EventType "team"]

1. e4 c6 2. d3 d5 3. Nd2 dxe4 4. dxe4 Nf6 5. Bc4 Bg4 6. f3 Bc8 7. Ne2 e6 8. O-O
Be7 9. c3 O-O 10. Qc2 Nbd7 11. Kh1 b5 12. Bb3 Nc5 13. e5 Nd5 14. Ne4 Nxb3 15.
axb3 Bb7 16. Nd4 a6 17. b4 h6 18. f4 Qb6 19. f5 exf5 20. Nxf5 Qc7 21. Nxe7+ Qxe7
22. Nd6 Bc8 23. Qe4 Bd7 24. Bd2 Nb6 25. Rad1 Nc8 26. Nb7 Nb6 27. Be3 Be8 28.
Bxb6 Qxb7 29. Bc5 Qc8 30. Bxf8 Kxf8 31. e6 Kg8 32. e7 Qc7 33. Rd4 Rc8 34. Rfd1
g6 35. Rd8 1-0

[Event "TATA 14th IBCA Olympiad"]
[Site "Chennai IND"]
[Date "2012.08.17"]
[Round "7.4"]
[White "Bagheri, Majjid"]
[Black "Dima, Mihai"]
[Result "1-0"]
[WhiteElo "1958"]
[BlackElo "1944"]
[WhiteTeam "Iran"]
[BlackTeam "Romania"]
[WhiteFideId "12524158"]
[BlackFideId "1217399"]
[EventDate "2012.08.10"]
[EventType "team"]

1. Nf3 d5 2. d4 e6 3. g3 g6 4. Bg2 Bg7 5. Nbd2 f5 6. Ne5 Nf6 7. Ndf3 Nbd7 8. Bf4
O-O 9. h4 Nxe5 10. Bxe5 Nd7 11. Bxg7 Kxg7 12. h5 Nf6 13. hxg6 hxg6 14. Qd2 Rh8
15. O-O-O c6 16. Rxh8 Qxh8 17. Rh1 Nh5 18. Kb1 Qd8 19. Ne5 Bd7 20. Bf3 Be8 21.
g4 fxg4 22. Bxg4 Qf6 23. e3 Kf8 24. Rh2 a5 25. Qd3 Ng7 26. Qf1 Ra6 27. Qh3 Nh5
28. Bxh5 gxh5 29. Rg2 Ra8 30. Qg3 Bf7 31. Nd7+ 1-0

[Event "TATA 14th IBCA Olympiad"]
[Site "Chennai IND"]
[Date "2012.08.17"]
[Round "7.1"]
[White "Kakade, Atul"]
[Black "Nizam, Rasim"]
[Result "0-1"]
[BlackTitle "IM"]
[WhiteElo "1647"]
[BlackElo "2232"]
[WhiteTeam "India - B"]
[BlackTeam "Bulgaria"]
[WhiteFideId "25010271"]
[BlackFideId "2906708"]
[EventDate "2012.08.10"]
[EventType "team"]

1. e4 e6 2. d4 d5 3. Nc3 Bb4 4. e5 Ne7 5. a3 Bxc3+ 6. bxc3 c5 7. Qg4 Qc7 8. Bd2
cxd4 9. cxd4 O-O 10. Bd3 f5 11. exf6 Rxf6 12. Qg3 Qxg3 13. hxg3 h6 14. Nf3 Nbc6
15. Rb1 b6 16. c3 Bd7 17. Ne5 Nxe5 18. dxe5 Rff8 19. O-O Nc6 20. Rbe1 Na5 21.
Be3 Rac8 22. Bd4 Nb3 23. Re3 Rc7 24. Rfe1 Rfc8 25. Ba6 Rb8 26. Bd3 Nc5 27. Bc2
Nb7 28. f4 Na5 29. Bd3 Nc4 30. Bxc4 Rxc4 31. Rb1 g6 32. Rb4 Rbc8 33. Kf2 Ba4 34.
Re2 Bd1 35. Rd2 Bg4 36. Rdb2 Kf7 37. Rxc4 Rxc4 38. Rb4 Rc7 39. a4 Bd1 40. a5
bxa5 41. Rb1 Bc2 42. Rb2 Bd1 43. Ke1 Ba4 44. Ra2 Bb5 45. Rxa5 a6 46. Ra1 h5 47.
Kf2 Rc4 48. g4 Rc7 49. gxh5 gxh5 50. Kf3 Kg6 51. g3 Rb7 52. g4 hxg4+ 53. Kxg4
Be2+ 54. Kg3 Kf5 55. Kf2 Bc4 56. Ke3 Rh7 57. Kf3 Rh3+ 58. Kg2 Rh4 59. Be3 Ke4
60. Kg3 Rh7 61. Re1 Kf5 62. Bd2 Bd3 63. Kf2 Rh2+ 64. Ke3 Bc4 65. Rg1 Rh3+ 66.
Kf2 Ke4 67. Rg3 Rxg3 68. Kxg3 Kd3 69. Be1 a5 70. Bf2 a4 71. Bc5 Kxc3 72. f5 exf5
73. Kf4 d4 74. Kxf5 d3 75. Be3 d2 76. Bxd2+ Kxd2 77. e6 Bxe6+ 78. Kxe6 a3 0-1

[Event "TATA 14th IBCA Olympiad"]
[Site "Chennai IND"]
[Date "2012.08.17"]
[Round "7.4"]
[White "Kichukov, Milko"]
[Black "Gaurav Gadodia"]
[Result "1/2-1/2"]
[WhiteElo "1821"]
[BlackElo "1807"]
[WhiteTeam "Bulgaria"]
[BlackTeam "India - B"]
[WhiteFideId "2917882"]
[BlackFideId "5034230"]
[EventDate "2012.08.10"]
[EventType "team"]

1. e4 e5 2. Bc4 Nf6 3. d4 exd4 4. Nf3 Nxe4 5. Qxd4 Nf6 6. Ne5 d5 7. Bb3 Be6 8.
O-O Be7 9. c3 Nbd7 10. Nf3 O-O 11. Bc2 c6 12. Nbd2 Qc7 13. h3 Rfe8 14. Nb3 b6
15. Bf4 Bd6 16. Bxd6 Qxd6 17. Rfe1 Nc5 18. Qh4 Nxb3 19. axb3 h6 20. Rad1 Bd7 21.
Qd4 Rxe1+ 22. Rxe1 Re8 23. Rxe8+ Bxe8 24. Nh4 Bd7 25. Qd3 Ne4 26. Nf3 Qg6 27.
Ne1 Qf6 28. Qe2 Qe6 29. Nd3 Nc5 30. Qxe6 Nxe6 31. b4 f6 32. Bb3 Kf7 33. f4 Ke7
34. Kf2 Nd8 35. g4 Nf7 36. Kg3 Nd6 37. Nf2 Be6 38. f5 Bd7 39. Kf4 Bc8 40. Ke3
Ba6 41. h4 h5 42. Kf4 hxg4 43. Nxg4 Bd3 44. Ne3 Kd7 45. Bc2 Bxc2 46. Nxc2 c5 47.
bxc5 bxc5 48. b4 Kc6 49. bxc5 Kxc5 50. Nd4 Kc4 51. Ne6 Ne8 52. h5 Kxc3 53. Nxg7
Nd6 54. h6 Nf7 55. h7 a5 56. Nh5 a4 57. Nxf6 d4 58. Ne4+ Kc2 59. Nd6 Nh8 60. f6
d3 61. f7 d2 62. Kg5 d1=Q 63. f8=Q 1/2-1/2

[Event "TATA 14th IBCA Olympiad"]
[Site "Chennai IND"]
[Date "2012.08.17"]
[Round "7.1"]
[White "Molnar, Lubos"]
[Black "Bindzus, Ernst"]
[Result "1-0"]
[WhiteElo "1981"]
[BlackElo "1910"]
[WhiteTeam "Slovakia"]
[BlackTeam "Denmark"]
[WhiteFideId "14905795"]
[BlackFideId "1411950"]
[EventDate "2012.08.10"]
[EventType "team"]

1. e4 c5 2. Nf3 d6 3. d4 cxd4 4. Nxd4 Nf6 5. Nc3 a6 6. Be3 e6 7. f3 Be7 8. Qd2
Qc7 9. O-O-O Nc6 10. g4 b5 11. h4 Bb7 12. Kb1 Rc8 13. h5 Nxd4 14. Bxd4 O-O 15.
g5 Nd7 16. g6 b4 17. Ne2 d5 18. h6 Bf6 19. gxh7+ Kh8 20. hxg7+ Bxg7 21. Bxg7+
Kxg7 22. h8=Q+ Rxh8 23. Qg5+ 1-0

[Event "TATA 14th IBCA Olympiad"]
[Site "Chennai IND"]
[Date "2012.08.17"]
[Round "7.2"]
[White "Nielsen, Henning"]
[Black "Murin, Miroslav"]
[Result "1/2-1/2"]
[WhiteElo "1871"]
[BlackElo "1866"]
[WhiteTeam "Denmark"]
[BlackTeam "Slovakia"]
[WhiteFideId "1435019"]
[BlackFideId "14919303"]
[EventDate "2012.08.10"]
[EventType "team"]

1. e4 e5 2. Nf3 d6 3. d4 Nd7 4. Bc4 c6 5. c3 b5 6. Bb3 Be7 7. O-O h6 8. a4 Bb7
9. axb5 cxb5 10. Qe2 Ngf6 11. dxe5 Nxe4 12. Qxb5 Rb8 13. e6 fxe6 14. Bxe6 Nc5
15. Bxd7+ Nxd7 16. Qh5+ Kf8 17. Be3 Nf6 18. Qf5 Be4 19. Qe6 Bd5 20. Qh3 Rxb2 21.
Rxa7 Rb7 22. Rxb7 Bxb7 23. Nbd2 Kf7 24. Nd4 Bc8 25. Qf3 Qc7 26. c4 d5 27. cxd5
Bg4 28. Qg3 Bd6 29. f4 Qc3 30. Nb5 Qb4 31. Nxd6+ Qxd6 32. Nc4 Qe7 33. Ne5+ Kg8
34. Bd4 Bf5 35. Ng6 Bxg6 36. Qxg6 Qf7 37. Qxf7+ Kxf7 38. d6 Ke6 39. Be5 Rd8 40.
Re1 g5 41. fxg5 hxg5 42. Bg3+ Kd5 43. Re5+ Kxd6 44. Rxg5+ Ke6 45. Re5+ Kf7 46.
h3 Kg6 47. Bh4 Rd6 48. g4 Ra6 49. Bf2 Ra4 50. Kg2 Ne4 51. Be3 Nf6 52. Kf3 Nd7
53. Re4 Ra3 54. h4 Nf6 55. Rd4 Ra5 56. Rd6 Kf7 57. g5 Ne8 58. Rb6 Ng7 59. Kg4
Ra4+ 60. Bf4 Ne6 61. Rxe6 Kxe6 62. Kf3 Kf7 63. h5 Ra3+ 64. Kg4 Ra4 65. Kf5 Kg8
66. g6 Ra1 67. h6 Rh1 68. Kg5 Rg1+ 69. Kf6 Rh1 70. g7 Kh7 71. Bg5 Rf1+ 72. Ke5
Rg1 73. Kf5 1/2-1/2